000 00356nam a22001337a 4500
999 _c3143
_d3143
008 200320b ||||| |||| 00| 0 eng d
100 _92542
_aSubramaniam, H.
245 1 0 _aMagnetic compass /
_cby H. Subramaniam.
260 _aMumbai :
_bVijaya Publication,
_cc
300 _a64p.
440 _aNutshell Series Booklet III
650 0 _aCompass
942 _cBK